000
00247nam a2200097Ia 4500
082
_a
EKF WEEK
245
0
_a
Without you
100
_a
WEEKS, Sarah New York, 2003 1st ed
_9
60776
942
_c
BK
008
210817s9999 xx 000 0 und d
999
_c
191009
_d
191008